000 00478nam a2200169Ia 4500
003 LK-CoDNM
008 010623t1992 xxu||||| |||| 00| 1 eng d
040 _aLK-CoDNM
_dLK-CoDNM
_eLK-CoDNM
041 _aeng
080 _a301 NAK
100 _aNakane,Chie , Chiao,Chien
_eed.
245 _aHome Bound : Studies In Eaast Asian Society
260 _bThe Centre For East Asian Cultural Studies
_aJapan
_c1992
300 _b232p.;24.7 cm cm
650 _aSociology
942 _cBK
999 _c115461
_d115461